[Event "V Festival Costa Viola B"]
[Site "Palmi ITA"]
[Date "2012.01.03"]
[Round "2"]
[White "Palermiti, Francesco"]
[Black "Attina', Rodolfo"]
[Result "0-1"]
[WhiteElo "1540"]
[BlackElo "1368"]
[PlyCount "94"]
[EventDate "2012.01.02"]

1. d4 f5 2. Nf3 Nf6 3. e3 e6 4. Nbd2 b6 5. b3 Bb7 6. Bb2 Be7 7. c4 O-O 8. Be2
d6 9. O-O Nbd7 10. Ng5 Qc8 11. Nxe6 Re8 12. Qc2 g6 13. d5 Nf8 14. Nd4 N8d7 15.
Nc6 Bxc6 16. dxc6 Ne5 17. Bxe5 dxe5 18. Nf3 Bd6 19. a3 Bf8 20. b4 Bg7 21. Rfd1
Kh8 22. b5 Ne4 23. Rd7 Bf6 24. Rad1 Nc5 25. R7d5 a6 26. a4 axb5 27. axb5 Ra7
28. Nd2 Qa8 29. Bf1 e4 30. Nb3 Ra2 31. Qb1 Rb2 32. Qa1 Nxb3 33. Qxa8 Rxa8 34.
Rd7 Rc8 35. Rf7 Be5 36. Rdd7 Nd2 37. Rxh7+ Kg8 38. Rh6 Nxf1 39. Kxf1 Rb1+ 40.
Ke2 Ra8 41. Rxg6+ Kf8 42. h4 Ra2+ 43. Rd2 Rxd2+ 44. Kxd2 Rb2+ 45. Ke1 Bc3+ 46.
Kf1 Rb1+ 47. Ke2 Re1# 0-1

[Event "V Festival Costa Viola B"]
[Site "Palmi ITA"]
[Date "2012.01.03"]
[Round "2"]
[White "Panariello, Francesco"]
[Black "Suriano, Davide"]
[Result "0-1"]
[WhiteElo "1756"]
[BlackElo "1539"]
[PlyCount "90"]
[EventDate "2012.01.02"]

1. d4 d5 2. Nf3 Nf6 3. e3 e6 4. Bd3 Be7 5. b3 Nbd7 6. Bb2 O-O 7. Nbd2 a6 8. O-O
b5 9. Ne5 Bb7 10. Qf3 Re8 11. c4 bxc4 12. bxc4 Nxe5 13. dxe5 Ne4 14. Nxe4 dxe4
15. Bxe4 Bxe4 16. Qxe4 Qd2 17. Qd4 Qb4 18. Bc3 Qa4 19. c5 Qc6 20. Rfc1 Red8 21.
Qc4 Rd5 22. Bd4 Rad8 23. Rab1 R5d7 24. Qb3 f6 25. f4 h5 26. Qd3 Kf7 27. Qh7 Rg8
28. Qxh5+ g6 29. Qf3 Qa4 30. Qe2 Rgd8 31. Qc4 Qc6 32. Qb4 Qe4 33. Re1 Qc6 34.
Qb7 Qa4 35. Qb3 Qc6 36. Qc4 Rd5 37. Rec1 R5d7 38. g4 Qf3 39. Rb2 Rxd4 40. exd4
Qe3+ 41. Rf2 Rxd4 42. Qc3 Rd1+ 43. Kg2 Qe4+ 44. Rf3 Qe2+ 45. Rf2 Qxg4+ 0-1

[Event "V Festival Costa Viola B"]
[Site "Palmi ITA"]
[Date "2012.01.03"]
[Round "2"]
[White "Russo, Arianna"]
[Black "Altomonte, Giuseppe"]
[Result "0-1"]
[WhiteElo "1688"]
[BlackElo "1800"]
[PlyCount "142"]
[EventDate "2012.01.02"]

1. d4 d5 2. c4 c6 3. Nc3 Nf6 4. Bg5 Ne4 5. Nxe4 dxe4 6. Qd2 h6 7. Bf4 Nd7 8. e3
Nf6 9. h3 e6 10. Ne2 b6 11. Nc3 Bb7 12. Be2 Be7 13. O-O O-O 14. Rfd1 Qc8 15. a3
Rd8 16. Qc2 c5 17. dxc5 Qxc5 18. Rxd8+ Rxd8 19. Rd1 g5 20. Rxd8+ Bxd8 21. Bh2
e5 22. b4 Qe7 23. Na4 Bc6 24. b5 Be8 25. c5 bxc5 26. Nxc5 Qc7 27. Qc3 Be7 28.
Nxe4 Qxc3 29. Nxc3 Bxa3 30. Bxe5 Nd7 31. Bd4 Bc5 32. Bxc5 Nxc5 33. Bf3 Kf8 34.
Be2 Ne6 35. Kf1 Nc7 36. Ke1 Ke7 37. Bc4 Kd6 38. Ne4+ Ke5 39. Nc3 f5 40. g4 Bd7
41. f3 Kd6 42. e4 Kc5 43. Bd3 fxg4 44. hxg4 Ne6 45. Ne2 Bxb5 46. Bxb5 Kxb5 47.
Kd2 Kc4 48. Ke3 a5 49. f4 gxf4+ 50. Nxf4 Nd4 51. e5 a4 52. e6 Nc6 53. Kd2 Ne7
54. Kc2 Kd4 55. Nd3 Ke3 56. Nc5 a3 57. Kb3 Kf4 58. Kxa3 Kxg4 59. Kb3 h5 60. Kc3
h4 61. Nd3 Kg3 62. Kd2 h3 63. Ke2 h2 64. Nf2 Kg2 65. Ke1 Nf5 66. Ke2 Nd4+ 67.
Ke3 Nxe6 68. Ke2 Nf4+ 69. Ke1 Nh3 70. Nh1 Nf4 71. Nf2 Nd3+ 0-1

[Event "V Festival Costa Viola B"]
[Site "Palmi ITA"]
[Date "2012.01.03"]
[Round "2"]
[White "Russo, Biagio"]
[Black "Santeramo, Alessia Carmen"]
[Result "1/2-1/2"]
[WhiteElo "1691"]
[BlackElo "1824"]
[PlyCount "158"]
[EventDate "2012.01.02"]

1. d4 d5 2. c4 c6 3. Nc3 dxc4 4. e4 b5 5. a4 b4 6. Na2 e5 7. Be3 Be6 8. Nf3 Nf6
9. Nxe5 Nxe4 10. Bxc4 Bxc4 11. Nxc4 Nf6 12. Bd2 Qd5 13. b3 Nbd7 14. O-O c5 15.
Re1+ Be7 16. Bf4 Qxd4 17. Qxd4 cxd4 18. Bd6 Nd5 19. Bxe7 Nxe7 20. Re4 Nf6 21.
Nd6+ Kf8 22. Rxd4 a5 23. Nc4 g6 24. Re1 Nf5 25. Rd3 Kg7 26. Nc1 Rhe8 27. Rxe8
Rxe8 28. Kf1 Rc8 29. Ne2 Ne4 30. Rd5 Nc3 31. Rd2 Nxe2 32. Kxe2 Rc5 33. f4 Ne7
34. Kf3 Nd5 35. g3 Nc3 36. Rd8 Nxa4 37. Ra8 Nc3 38. Rxa5 Rc7 39. Ra8 Rd7 40.
Rb8 Rd3+ 41. Kg2 Nd5 42. Na5 Rd2+ 43. Kh3 Ne3 44. Nc4 Nxc4 45. bxc4 Rb2 46. c5
h5 47. c6 Rc2 48. Rxb4 Rxc6 49. Rb2 Rc7 50. Kg2 Rc3 51. h3 Kf6 52. Re2 h4 53.
gxh4 Kf5 54. Rf2 Re3 55. Rf3 Re2+ 56. Kg3 Ke4 57. Ra3 Rd2 58. Ra4+ Kf5 59. Ra5+
Kf6 60. h5 gxh5 61. Rxh5 Kg6 62. Re5 Rd1 63. Re2 Rd3+ 64. Kg2 f6 65. Rf2 Kh5
66. Rf3 Rd2+ 67. Kg3 Rd1 68. Kf2 Rh1 69. Ke3 f5 70. Kd4 Re1 71. Re3 Rb1 72. Ke5
Rb5+ 73. Kf6 Kh4 74. Re5 Rb6+ 75. Kxf5 Kxh3 76. Re6 Rb5+ 77. Kf6 Kg4 78. Re5
Rb6+ 79. Re6 Rxe6+ 1/2-1/2

[Event "V Festival Costa Viola B"]
[Site "Palmi ITA"]
[Date "2012.01.03"]
[Round "2"]
[White "Serratore, Vincenzo"]
[Black "Vazzana, Antonio"]
[Result "0-1"]
[WhiteElo "1844"]
[BlackElo "1593"]
[PlyCount "112"]
[EventDate "2012.01.02"]

1. d4 Nf6 2. Nd2 d5 3. e3 e6 4. Ngf3 c5 5. c3 Nc6 6. Ne5 Bd6 7. f4 Qc7 8. Bd3
cxd4 9. exd4 O-O 10. Qe2 Bd7 11. Ndf3 h6 12. h3 Nh5 13. Qf2 Ne7 14. g4 Nf6 15.
Qh4 Ne4 16. Bd2 f6 17. O-O-O fxe5 18. Nxe5 Nxd2 19. Rxd2 Rxf4 20. Kb1 Raf8 21.
Re1 Bxe5 22. Rxe5 Nc6 23. Re1 e5 24. Qh5 Be8 25. Qh4 e4 26. Bc2 Bg6 27. Rde2
Na5 28. Qg3 Nc4 29. h4 Qf7 30. h5 Bh7 31. a3 Rf1 32. Ka2 Rxe1 33. Rxe1 Qf2 34.
Qxf2 Rxf2 35. Kb1 Rg2 36. a4 Rxg4 37. Bd1 Rg2 38. Be2 Nd2+ 39. Kc1 Nf3 40. Bxf3
exf3 41. Rf1 f2 42. Kd2 Bf5 43. Ke3 Bg4 44. a5 Bxh5 45. b3 g5 46. c4 g4 47.
Rxf2 Rxf2 48. Kxf2 Bf7 49. c5 Kf8 50. b4 Be8 51. Kg3 h5 52. Kf4 a6 53. Kg3 Kf7
54. Kh4 Kf6 55. Kg3 Kf5 56. Kh4 Ke4 0-1

[Event "V Festival Costa Viola B"]
[Site "Palmi ITA"]
[Date "2012.01.03"]
[Round "2"]
[White "Valotta, Massimiliano"]
[Black "Daniac, Federico"]
[Result "1/2-1/2"]
[WhiteElo "1852"]
[BlackElo "1548"]
[PlyCount "117"]
[EventDate "2012.01.02"]

1. d4 d5 2. c4 c6 3. e3 e6 4. Bd3 Nf6 5. f3 dxc4 6. Bxc4 b5 7. Bb3 Bb7 8. Ne2
Be7 9. Nbc3 a6 10. e4 O-O 11. O-O c5 12. Be3 Nbd7 13. d5 exd5 14. Bxd5 Bxd5 15.
Nxd5 Nxd5 16. Qxd5 Nb6 17. Qb7 Bd6 18. b3 Qb8 19. Qxb8 Raxb8 20. Rac1 Rfc8 21.
Rfd1 Be7 22. Rc2 Rc6 23. Rdc1 Rbc8 24. Nd4 R6c7 25. Nf5 Bf8 26. Bf4 Rd7 27. Kf1
g6 28. Nh6+ Bxh6 29. Bxh6 Rdc7 30. Be3 Nd7 31. Rd1 Nf8 32. Rd6 Rc6 33. Rxc6
Rxc6 34. Rxc5 Rxc5 35. Bxc5 Ne6 36. Be3 f6 37. Ke2 Kf7 38. g3 Nd8 39. Kd3 Nc6
40. Bc5 Ke6 41. f4 h5 42. h3 f5 43. Ke3 Kf6 44. Kf3 fxe4+ 45. Kxe4 Ke6 46. g4
hxg4 47. hxg4 a5 48. a3 a4 49. bxa4 bxa4 50. Bd4 Ne7 51. Be5 Nc6 52. f5+ gxf5+
53. gxf5+ Kf7 54. Bc3 Na7 55. Ke5 Nb5 56. Bb4 Na7 57. f6 Nc6+ 58. Kd5 Nxb4+ 59.
Kc4 1/2-1/2

[Event "V Festival Costa Viola B"]
[Site "Palmi ITA"]
[Date "2012.01.03"]
[Round "2"]
[White "Vasta, Armando"]
[Black "Pelyushenko, Vladyslav"]
[Result "1-0"]
[WhiteElo "1678"]
[BlackElo "1787"]
[PlyCount "103"]
[EventDate "2012.01.02"]

1. d4 Nf6 2. c4 g6 3. Nc3 Bg7 4. e4 d6 5. Bd3 O-O 6. Nge2 e5 7. d5 Nbd7 8. O-O
Nc5 9. Bc2 Nh5 10. Ng3 Nf4 11. Nge2 Nxe2+ 12. Nxe2 f5 13. exf5 gxf5 14. Ng3 e4
15. f4 Qe8 16. Rb1 Qg6 17. Be3 Nd7 18. Bd4 Nf6 19. b4 h5 20. Qe2 h4 21. Nh1 Ng4
22. Bxg7 Qxg7 23. Rfd1 Rf6 24. Nf2 Nxh2 25. Kxh2 Qg3+ 26. Kh1 Qxf4 27. Nh3 Qg3
28. Qf2 Qxf2 29. Nxf2 e3 30. Nd3 f4 31. Ne1 h3 32. Be4 Bg4 33. Bf3 hxg2+ 34.
Kxg2 Bf5 35. Nd3 Re8 36. Rb2 Rg6+ 37. Kf1 Bh3+ 38. Ke2 Rf8 39. Rbb1 Bg4 40. Rg1
Bf5 41. Rxg6+ Bxg6 42. Rg1 Kh7 43. Rg4 Bf5 44. Rh4+ Kg7 45. Nxf4 Kf6 46. Ne6
Rf7 47. Kxe3 Re7 48. Bg4 Bb1 49. a3 c6 50. Kd4 Kg6 51. Bh5+ Kh7 52. Bf7# 1-0

[Event "V Festival Costa Viola B"]
[Site "Palmi ITA"]
[Date "2012.01.03"]
[Round "2"]
[White "Violi, Vincenzo"]
[Black "Arcidiaco, Francesco"]
[Result "1/2-1/2"]
[WhiteElo "1813"]
[BlackElo "1668"]
[PlyCount "49"]
[EventDate "2012.01.02"]

1. e4 d5 2. exd5 Qxd5 3. Nf3 Bg4 4. Be2 Nf6 5. O-O Nc6 6. d4 e6 7. c4 Qd7 8.
Be3 h6 9. Qb3 Rb8 10. Rd1 Bxf3 11. Bxf3 a6 12. Qc2 Rd8 13. Nc3 Bd6 14. Ne4 Nxe4
15. Bxe4 f5 16. Bf3 O-O 17. c5 f4 18. cxd6 fxe3 19. fxe3 cxd6 20. Bg4 d5 21.
Rf1 Ne7 22. Rac1 Rxf1+ 23. Rxf1 Rf8 24. Rxf8+ Kxf8 25. e4 1/2-1/2

[Event "V Festival Costa Viola B"]
[Site "Palmi ITA"]
[Date "2012.01.03"]
[Round "2"]
[White "Ziparo, Francesco"]
[Black "Cammareri, Pasquale"]
[Result "1-0"]
[WhiteElo "1581"]
[BlackElo "1485"]
[PlyCount "59"]
[EventDate "2012.01.02"]

1. c4 e6 2. Nc3 Nf6 3. g3 d5 4. cxd5 Nxd5 5. Nxd5 Qxd5 6. Nf3 c5 7. Bg2 Nc6 8.
O-O Be7 9. e3 Qd7 10. d4 cxd4 11. Nxd4 Nxd4 12. Qxd4 Qxd4 13. exd4 O-O 14. Bf4
Rd8 15. Rfd1 Bd6 16. Be5 Bxe5 17. dxe5 Rxd1+ 18. Rxd1 h6 19. Rd8+ Kh7 20. Rf8
Rb8 21. Be4+ g6 22. Rxf7+ Kg8 23. Bxg6 a5 24. Rf6 Kg7 25. Bf7 b5 26. Bxe6 Bb7
27. Rf7+ Kg6 28. f4 Be4 29. f5+ Kg5 30. Rg7+ 1-0

[Event "V Festival Costa Viola B"]
[Site "Palmi ITA"]
[Date "2012.01.03"]
[Round "3"]
[White "Altomonte, Giuseppe"]
[Black "Rametta, Marcello"]
[Result "1-0"]
[WhiteElo "1800"]
[BlackElo "1744"]
[PlyCount "73"]
[EventDate "2012.01.02"]

1. d4 d5 2. c4 c6 3. Nc3 g6 4. Bf4 Bg7 5. cxd5 cxd5 6. Bxb8 Rxb8 7. Qa4+ Bd7 8.
Qxa7 Bc6 9. Nf3 Nf6 10. e3 Nd7 11. Qa3 O-O 12. Rd1 e6 13. b4 b5 14. Qb3 Qb6 15.
Bd3 Ra8 16. Rd2 Ra7 17. O-O Rfa8 18. Nb1 f6 19. Rc1 Nb8 20. h3 Bd7 21. Rdc2 Bf8
22. a3 Nc6 23. Rc3 Kg7 24. Qc2 Rc8 25. Qe2 Rb7 26. Qb2 Na7 27. Nbd2 Bd6 28. Nb3
Rbc7 29. Nc5 Bxc5 30. Rxc5 Qd6 31. Qc2 Bc6 32. a4 bxa4 33. b5 Rb8 34. bxc6 a3
35. Qa4 Rb6 36. Qxa3 Nxc6 37. Qc3 1-0

[Event "V Festival Costa Viola B"]
[Site "Palmi ITA"]
[Date "2012.01.03"]
[Round "3"]
[White "Alvaro, Francesco"]
[Black "Ziparo, Francesco"]
[Result "0-1"]
[WhiteElo "1734"]
[BlackElo "1581"]
[PlyCount "84"]
[EventDate "2012.01.02"]

1. e4 d6 2. d4 Nf6 3. Nc3 g6 4. Nf3 Bg7 5. Be3 Nbd7 6. Nd2 e5 7. d5 a5 8. Bb5
O-O 9. Ne2 h6 10. f3 Nc5 11. Bxc5 dxc5 12. Nb3 Qe7 13. Qd2 Rd8 14. Nxa5 c6 15.
Bxc6 Qc7 16. Nxb7 Bxb7 17. Bxb7 Qxb7 18. c4 Ne8 19. b3 Nd6 20. O-O f5 21. Nc3
Rf8 22. Qe3 Rac8 23. Qe2 f4 24. Rfc1 Qa7 25. Nb5 Nxb5 26. cxb5 c4+ 27. Kh1 c3
28. a4 Bf6 29. a5 Qc5 30. Ra4 Be7 31. b6 Ra8 32. a6 Qxb6 33. Rxc3 Rfc8 34. Rac4
Rxc4 35. Qxc4 Qxa6 36. Qxa6 Rxa6 37. Rc1 Rb6 38. Rb1 Bc5 39. g3 g5 40. gxf4
gxf4 41. Kg2 Rg6+ 42. Kf1 Rg1+ 0-1

[Event "V Festival Costa Viola B"]
[Site "Palmi ITA"]
[Date "2012.01.03"]
[Round "3"]
[White "Arcidiaco, Francesco"]
[Black "Navarra, Stefano"]
[Result "0-1"]
[WhiteElo "1668"]
[BlackElo "1389"]
[PlyCount "103"]
[EventDate "2012.01.02"]

1. e4 e5 2. Nf3 d6 3. d4 exd4 4. Qxd4 Nc6 5. Bb5 Bd7 6. Qe3 Nf6 7. O-O Be7 8.
Nc3 O-O 9. a3 Ne5 10. Nxe5 dxe5 11. Bd3 b6 12. Kh1 c6 13. Be2 Bc5 14. Qg3 Bd4
15. Bh6 g6 16. Bxf8 Qxf8 17. Bd3 Nh5 18. Qf3 Nf4 19. Bc4 Qe7 20. g3 Nh3 21.
Rad1 h5 22. Qe2 b5 23. Bb3 a5 24. Rd3 c5 25. Nd5 Qd6 26. c4 b4 27. a4 Kg7 28.
Ne3 Rf8 29. Rd2 f5 30. Bc2 f4 31. Nd5 f3 32. Qd1 Ng5 33. h4 Qe6 34. Ne3 Qh3+
35. Kg1 Bxe3 36. fxe3 Qxg3+ 37. Kh1 Qxh4+ 38. Rh2 Bh3 39. Rff2 Qg4 40. Qg1 Bg2+
41. Rhxg2 fxg2+ 42. Qxg2 Qxg2+ 43. Rxg2 Kh6 44. Kh2 Rf6 45. Re2 h4 46. Kg2 h3+
47. Kh2 Kh5 48. Bd1 Kh4 49. Re1 Rf2+ 50. Kh1 Nxe4 51. Kg1 Rg2+ 52. Kf1 0-1

[Event "V Festival Costa Viola B"]
[Site "Palmi ITA"]
[Date "2012.01.03"]
[Round "3"]
[White "Attina', Rodolfo"]
[Black "Violi, Vincenzo"]
[Result "0-1"]
[WhiteElo "1368"]
[BlackElo "1813"]
[PlyCount "60"]
[EventDate "2012.01.02"]

1. d4 Nf6 2. e3 b6 3. Bc4 Bb7 4. Nf3 e6 5. O-O Be7 6. Nc3 O-O 7. Re1 c5 8. e4
cxd4 9. Nxd4 Nc6 10. Nxc6 dxc6 11. Bg5 Qc7 12. e5 Nd5 13. Nxd5 cxd5 14. Bxe7
Qxe7 15. Bd3 f6 16. Qh5 f5 17. Re3 g6 18. Qh6 Qg7 19. Qxg7+ Kxg7 20. f4 Rf7 21.
Rg3 a5 22. h4 h5 23. a4 Ba6 24. Ra3 Bxd3 25. Raxd3 Rc8 26. c3 Rc4 27. Rdf3 Rxa4
28. Rg5 Kh7 29. Rfg3 Rg7 30. Rd3 Rxf4 0-1

[Event "V Festival Costa Viola B"]
[Site "Palmi ITA"]
[Date "2012.01.03"]
[Round "3"]
[White "Bellantoni, Corrado"]
[Black "Mercuri, Delia"]
[Result "1-0"]
[WhiteElo "1524"]
[BlackElo "1673"]
[PlyCount "79"]
[EventDate "2012.01.02"]

1. a3 d5 2. d3 e5 3. g3 Nf6 4. Bg2 Be6 5. Nc3 c6 6. e4 d4 7. Nce2 Nfd7 8. Nf3
Be7 9. O-O O-O 10. c3 c5 11. cxd4 cxd4 12. h3 Nc6 13. b4 b5 14. Bd2 Nb6 15. Rc1
Rc8 16. g4 f6 17. Nh4 Qd7 18. Nf5 Na4 19. Nxe7+ Qxe7 20. Ng3 Rc7 21. Nf5 Qd7
22. Qf3 Rfc8 23. g5 Rf8 24. Qg3 g6 25. Nh6+ Kh8 26. gxf6 Rxf6 27. Bg5 Rf8 28.
Rxc6 Rxc6 29. Qxe5+ Qg7 30. Qxb5 Rc3 31. Qxa4 Rxd3 32. Qa6 Rxh3 33. Bxh3 Bxh3
34. Re1 Qe5 35. Qa5 Qg7 36. Qd5 Bc8 37. e5 Bb7 38. Qxd4 Re8 39. Kh2 Rd8 40.
Qxd8+ 1-0

[Event "V Festival Costa Viola B"]
[Site "Palmi ITA"]
[Date "2012.01.03"]
[Round "3"]
[White "Brogneri, Giovanni"]
[Black "Carbone, Edoardo"]
[Result "1/2-1/2"]
[WhiteElo "1797"]
[BlackElo "1835"]
[PlyCount "85"]
[EventDate "2012.01.02"]

1. e4 c5 2. Nc3 Nc6 3. g3 Rb8 4. d3 b5 5. Be3 d6 6. Qd2 g6 7. Bg2 Bg7 8. Nge2
b4 9. Nd1 Nf6 10. h3 O-O 11. Bh6 Nd4 12. Bxg7 Kxg7 13. O-O Bd7 14. f4 e5 15.
Ne3 Nh5 16. Kh2 Nxe2 17. Qxe2 exf4 18. gxf4 Qh4 19. Qf2 Qxf2 20. Rxf2 f5 21.
Nc4 fxe4 22. dxe4 Nxf4 23. Nxd6 Nxg2 24. Rxg2 Rf3 25. Rg3 Rf2+ 26. Rg2 Rxg2+
27. Kxg2 Bc6 28. Kf3 Rd8 29. Rd1 Kf6 30. Rd2 Ke6 31. Nc4 Rxd2 32. Nxd2 Ke5 33.
Ke3 h6 34. Nf3+ Ke6 35. h4 a5 36. Kf4 Be8 37. Nd2 a4 38. a3 bxa3 39. bxa3 Bb5
40. c3 Bd3 41. Ke3 Bb5 42. Kf4 Bd3 43. Ke3 1/2-1/2

[Event "V Festival Costa Viola B"]
[Site "Palmi ITA"]
[Date "2012.01.03"]
[Round "3"]
[White "Cammareri, Pasquale"]
[Black "Zampaglione, Francesco"]
[Result "0-1"]
[WhiteElo "1485"]
[BlackElo "1560"]
[PlyCount "100"]
[EventDate "2012.01.02"]

1. d4 d6 2. Nf3 Nf6 3. e3 Nbd7 4. Bd3 e5 5. dxe5 dxe5 6. Bc4 Be7 7. O-O O-O 8.
b3 c6 9. Bb2 Qc7 10. Nbd2 Bd6 11. e4 b5 12. Be2 Nc5 13. c4 a6 14. Qc2 Bb7 15.
Rac1 Rfe8 16. Rfd1 Qb6 17. h3 Rad8 18. cxb5 cxb5 19. Bxe5 Bxe4 20. Nxe4 Ncxe4
21. Bxd6 Qxf2+ 22. Kh2 Rxd6 23. Rxd6 Nxd6 24. Bd3 Qxc2 25. Rxc2 Rc8 26. Rxc8+
Nxc8 27. Ng5 h6 28. Ne4 Nxe4 29. Bxe4 Nd6 30. Bd3 f6 31. g4 Kf7 32. h4 g5 33.
hxg5 hxg5 34. Kg3 Ke6 35. Kf3 Ke5 36. Ke3 f5 37. gxf5 Nxf5+ 38. Kf3 Nd6 39. Kg4
Kd4 40. Bb1 Kc3 41. Kxg5 Kb2 42. Bd3 Kxa2 43. Bc2 Kb2 44. Bd1 Ne4+ 45. Kf4 Nc3
46. Bf3 Kxb3 47. Ke3 a5 48. Kd2 Kb2 49. Bb7 a4 50. Bc6 a3 0-1

[Event "V Festival Costa Viola B"]
[Site "Palmi ITA"]
[Date "2012.01.03"]
[Round "3"]
[White "Carrozza, Gregorio"]
[Black "Santeramo, Cristina"]
[Result "1-0"]
[WhiteElo "1689"]
[BlackElo "1550"]
[PlyCount "79"]
[EventDate "2012.01.02"]

1. e4 c5 2. Nf3 Nc6 3. d4 cxd4 4. Nxd4 e5 5. Nb3 Nf6 6. Bg5 h6 7. Bxf6 Qxf6 8.
c3 a6 9. a4 Be7 10. N1d2 O-O 11. Nc4 Bd8 12. Be2 Ne7 13. O-O Qc6 14. f3 d5 15.
Nxe5 Qb6+ 16. Kh1 dxe4 17. fxe4 Be6 18. Nd4 Bc7 19. Nxe6 Qxe6 20. Nf3 Qxe4 21.
Re1 Rfd8 22. Qb3 Qc6 23. Bc4 Nd5 24. Rad1 Nb6 25. Bxf7+ Kh8 26. a5 Na4 27. Bd5
Qb5 28. Qxb5 axb5 29. Bxb7 Rxa5 30. Rxd8+ Bxd8 31. Re8+ Kh7 32. Rxd8 Nc5 33.
Bc6 Ra1+ 34. Ng1 Rb1 35. b4 Na4 36. Be4+ g6 37. Bxb1 Nxc3 38. Rd7+ Kg8 39. Bxg6
h5 40. h4 1-0

[Event "V Festival Costa Viola B"]
[Site "Palmi ITA"]
[Date "2012.01.03"]
[Round "3"]
[White "Daniac, Federico"]
[Black "Iannello, Andrea"]
[Result "0-1"]
[WhiteElo "1548"]
[BlackElo "1740"]
[PlyCount "116"]
[EventDate "2012.01.02"]

1. e4 c5 2. Nf3 d6 3. d4 cxd4 4. Nxd4 Nf6 5. Nc3 a6 6. f3 e5 7. Nb3 Be7 8. Be2
O-O 9. Be3 Be6 10. O-O Nbd7 11. Kh1 Rc8 12. Rc1 Nc5 13. Qd2 Qc7 14. Rfd1 Rfd8
15. Nd5 Bxd5 16. exd5 b5 17. c4 Nxb3 18. axb3 Qb7 19. Qb4 h6 20. Ra1 Ra8 21.
Ra5 Rdb8 22. cxb5 Nxd5 23. Qd2 Nxe3 24. Qxe3 axb5 25. Rxb5 Qd7 26. Rbd5 Ra2 27.
R5d2 Bg5 28. Qd3 Bxd2 29. Rxd2 Ra1+ 30. Rd1 Rxd1+ 31. Bxd1 Qb5 32. Qe3 Qf1+ 33.
Qg1 Qxg1+ 34. Kxg1 Rc8 35. Kf2 Rc1 36. Be2 Rb1 37. Kg3 Rxb2 38. Bc4 Kf8 39. Kh3
Ke7 40. g4 Rd2 41. Kg3 d5 42. Bb5 Rb2 43. Bc6 d4 44. Be4 Rxb3 45. h4 d3 46. Kf2
d2 47. Ke2 Rb2 48. Kd1 Kd6 49. g5 hxg5 50. hxg5 Kc5 51. g6 f6 52. Bc2 Rxc2 53.
Kxc2 Kd4 54. Kxd2 e4 55. Ke2 exf3+ 56. Kxf3 Ke5 57. Kg4 Ke4 58. Kg3 Kf5 0-1

[Event "V Festival Costa Viola B"]
[Site "Palmi ITA"]
[Date "2012.01.03"]
[Round "3"]
[White "Della Rocca, Giorgio"]
[Black "Vasta, Armando"]
[Result "0-1"]
[WhiteElo "1855"]
[BlackElo "1678"]
[PlyCount "78"]
[EventDate "2012.01.02"]

1. c4 Nf6 2. Nc3 c5 3. Nf3 Nc6 4. g3 g6 5. Bg2 Bg7 6. O-O O-O 7. d3 e6 8. Bf4
d5 9. Qc1 b6 10. Bh6 Bb7 11. Bxg7 Kxg7 12. e4 d4 13. Ne2 e5 14. Nh4 Rb8 15. f4
Ng4 16. f5 f6 17. Bh3 Ne3 18. Rf2 g5 19. Ng2 Nb4 20. Ne1 g4 21. Bg2 Nxg2 22.
Rxg2 Nxd3 23. Nxd3 Bxe4 24. Qd2 Bxg2 25. Kxg2 Qd7 26. Rf1 Rg8 27. Nxe5 fxe5 28.
f6+ Kf7 29. Qh6 Qb7+ 30. Kg1 Qe4 31. Qh5+ Ke6 32. f7 Rgf8 33. Re1 Qe3+ 34. Kh1
Qf3+ 35. Kg1 Qe3+ 36. Kh1 Qe4+ 37. Kg1 Kd7 38. h3 gxh3 39. Rf1 Qg2# 0-1

[Event "V Festival Costa Viola B"]
[Site "Palmi ITA"]
[Date "2012.01.03"]
[Round "3"]
[White "Fariselli, Umberto"]
[Black "Russo, Arianna"]
[Result "0-1"]
[WhiteElo "1299"]
[BlackElo "1688"]
[PlyCount "86"]
[EventDate "2012.01.02"]

1. d4 Nf6 2. d5 g6 3. c3 Bg7 4. e3 O-O 5. f3 d6 6. e4 e5 7. Bg5 h6 8. Bh4 Nbd7
9. b4 Nb6 10. a4 a5 11. b5 g5 12. Bg3 Nh5 13. Bf2 Nf4 14. g3 Ng6 15. Be3 f5 16.
Bd3 fxe4 17. Bxe4 Qf6 18. Qd3 Ne7 19. Bxb6 cxb6 20. Qe3 Bf5 21. Nd2 g4 22. c4
gxf3 23. Ngxf3 Bxe4 24. Rf1 Bxf3 25. Rxf3 Qg6 26. Rxf8+ Rxf8 27. Ne4 Qf5 28.
Kd2 Nc8 29. Re1 Qh3 30. Qg1 Qf5 31. Qg2 Bf6 32. Rf1 Bg5+ 33. Ke2 Qxf1+ 34. Qxf1
Rxf1 35. Kxf1 Kf7 36. Ke2 Kg6 37. g4 h5 38. h3 hxg4 39. hxg4 Bf4 40. Kf3 Bc1
41. Kg3 Ba3 42. Kf3 Ne7 43. Nxd6 Bxd6 0-1

[Event "V Festival Costa Viola B"]
[Site "Palmi ITA"]
[Date "2012.01.03"]
[Round "3"]
[White "Favaloro, Andrea"]
[Black "Gelardi, Davide"]
[Result "1/2-1/2"]
[WhiteElo "1626"]
[BlackElo "1677"]
[PlyCount "28"]
[EventDate "2012.01.02"]

1. e4 e6 2. d4 d5 3. Nc3 Nf6 4. Bg5 Bb4 5. e5 h6 6. Bd2 Bxc3 7. bxc3 Ne4 8. Qg4
Nxd2 9. Qxg7 Rf8 10. Kxd2 Qh4 11. Qg3 Qe7 12. Nf3 c5 13. Bd3 Nc6 14. a3 Bd7
1/2-1/2

[Event "V Festival Costa Viola B"]
[Site "Palmi ITA"]
[Date "2012.01.03"]
[Round "3"]
[White "Furnari, Francesco"]
[Black "Cicero, Angelo"]
[Result "1/2-1/2"]
[WhiteElo "1833"]
[BlackElo "1680"]
[PlyCount "90"]
[EventDate "2012.01.02"]

1. c4 Nf6 2. Nc3 g6 3. g3 Bg7 4. Bg2 d6 5. d4 O-O 6. e3 Re8 7. Nge2 Nbd7 8. O-O
a5 9. Qb3 c6 10. Bd2 Qb6 11. Rfc1 Qxb3 12. axb3 Nb6 13. Na4 Nxa4 14. Rxa4 e5
15. Bxa5 exd4 16. Nxd4 Nd7 17. Bc3 Rxa4 18. bxa4 Nb6 19. a5 Na4 20. a6 bxa6 21.
Bxc6 Nxc3 22. Bxe8 Bxd4 23. Re1 Bg7 24. bxc3 Bxc3 25. Rd1 Bb4 26. Bc6 Bf5 27.
e4 Bg4 28. Rb1 a5 29. Kg2 Be2 30. Bd5 Bd3 31. Rb3 Bc2 32. Rf3 a4 33. Rxf7 Bxe4+
34. Bxe4 Kxf7 35. f4 a3 36. Bb1 Ke7 37. Kf3 Kf6 38. Ke4 Ke6 39. Ba2 Bc5 40. g4
h6 41. h4 Kf6 42. Kd5 h5 43. gxh5 gxh5 44. Bb1 Bb4 45. Kc6 Bc5 1/2-1/2

[Event "V Festival Costa Viola B"]
[Site "Palmi ITA"]
[Date "2012.01.03"]
[Round "3"]
[White "Greco, Simone"]
[Black "Serratore, Vincenzo"]
[Result "1-0"]
[WhiteElo "1629"]
[BlackElo "1844"]
[PlyCount "139"]
[EventDate "2012.01.02"]

1. e4 e5 2. Nf3 Nc6 3. Bb5 Bc5 4. c3 Qe7 5. O-O Bb6 6. d4 exd4 7. cxd4 Nd8 8.
Nc3 c6 9. Bc4 d6 10. h3 Nf6 11. Re1 O-O 12. Bg5 Ne6 13. Bh4 Qc7 14. Bxf6 gxf6
15. d5 Ng7 16. Bb3 c5 17. Qd2 Kh8 18. Qh6 Qe7 19. Nh2 Rg8 20. Bc2 Bd8 21. g4
Ne8 22. e5 f5 23. exd6 Qxd6 24. Qh5 Qf6 25. Kh1 Ng7 26. g5 Nxh5 27. gxf6 Bxf6
28. Nf3 Nf4 29. h4 Ng2 30. Re2 Nxh4 31. Nxh4 Bxh4 32. Nb5 Bd7 33. Nd6 b6 34.
Bxf5 Bxf5 35. Nxf5 Rg4 36. d6 h5 37. d7 Bf6 38. Re8+ Rg8 39. Nd6 Kh7 40. Rg1
Rh8 41. Rge1 Rf8 42. Rxa8 Rxa8 43. Re8 Rd8 44. Rxd8 Bxd8 45. Nxf7 Be7 46. d8=Q
Bxd8 47. Nxd8 Kg6 48. Kg2 Kf5 49. Kg3 a5 50. f3 h4+ 51. Kg2 a4 52. Kf2 c4 53.
a3 Ke5 54. Nf7+ Kd5 55. Ng5 b5 56. Ne4 Kd4 57. Nc3 Kd3 58. Nxb5 Kc2 59. Nc3
Kxb2 60. Nxa4+ Kxa3 61. Nc3 Kb4 62. Ne2 c3 63. Kg2 c2 64. Kh3 Kc5 65. Kxh4 Kd6
66. Kg4 Ke7 67. Kf4 Kf6 68. Ke4 Kg5 69. Ke3 Kf6 70. Kd2 1-0

[Event "V Festival Costa Viola B"]
[Site "Palmi ITA"]
[Date "2012.01.03"]
[Round "3"]
[White "Pallonetto, Cristofaro"]
[Black "Panariello, Francesco"]
[Result "0-1"]
[WhiteElo "1512"]
[BlackElo "1756"]
[PlyCount "49"]
[EventDate "2012.01.02"]

1. e4 e6 2. d4 d5 3. e5 c5 4. c3 Nc6 5. Nf3 Bd7 6. Be2 f6 7. exf6 Nxf6 8. O-O
Bd6 9. Bg5 Qb6 10. dxc5 Bxc5 11. b4 Be7 12. b5 Na5 13. a4 Rc8 14. Ne5 Bd6 15.
Be3 Qc7 16. f4 O-O 17. Bd4 Ne4 18. Bd3 Bxe5 19. Bxe5 Qc5+ 20. Bd4 Qc7 21. Qg4
e5 22. Qe2 exd4 23. cxd4 Nb3 24. Ra2 Nxd4 25. Nd2 0-1

[Event "V Festival Costa Viola B"]
[Site "Palmi ITA"]
[Date "2012.01.03"]
[Round "3"]
[White "Pelyushenko, Vladyslav"]
[Black "Iannello, Antonio"]
[Result "1-0"]
[WhiteElo "1787"]
[BlackElo "1605"]
[PlyCount "81"]
[EventDate "2012.01.02"]

1. d4 d5 2. c4 e6 3. Nf3 Nf6 4. Bg5 Be7 5. Nc3 O-O 6. e3 Nbd7 7. Qc2 c6 8. h3
Re8 9. Bd3 dxc4 10. Bxc4 Nd5 11. Bxe7 Qxe7 12. O-O Nxc3 13. Qxc3 c5 14. Rfe1 b6
15. d5 exd5 16. Bxd5 Rb8 17. Rad1 Nf6 18. e4 Be6 19. Bc6 Red8 20. Rxd8+ Rxd8
21. e5 Nd5 22. Bxd5 Rxd5 23. a3 Qd8 24. Re3 Rd1+ 25. Kh2 Qd5 26. Ng5 Bf5 27.
Nf3 Be4 28. Kg3 Qc6 29. Qc4 Bf5 30. b4 Be6 31. Qc2 Ra1 32. Nd4 Qd5 33. Nxe6
fxe6 34. bxc5 Qxc5 35. Qb3 Kf7 36. Qa4 b5 37. Qf4+ Ke8 38. Qf3 Ra2 39. Qa8+ Kf7
40. Rf3+ Ke7 41. Qf8+ 1-0